000 00659nam a2200169 a 4500
008 120416s1996 ||||||||||||||||| || u
050 _aCAT(02)96
100 _aKomen, John
245 1 0 _aTurning priorities into feasible programs
246 _aproceedings of a policy seminar on agricultural biotechnology for East and Southern Africa.Southern
260 _aThe Hague
_bIntermediary biotechnology Service
_c1996
300 _avii,179p. : ill.
350 _a0.00
700 _aCohen, Joel
700 _aOfir, Zenda
995 _D0.00
_FCBU-MAIN LIBRARY (Kitwe)
_H1
_I0.00
_UAVAILABLE
_ZInternational Publications
999 _c60511
_d60511